| 000 | 00602nam a2200217 u 4500 | ||
|---|---|---|---|
| 005 | 20260217062529.0 | ||
| 008 | 150603s2010 r 000 0 eng d | ||
| 020 | _a9788497842938 | ||
| 035 | _aUPN01000204069 | ||
| 049 | _aCG | ||
| 050 | 4 |
_aJC575 _bP8.7 |
|
| 100 | 1 |
_aPuyol González, Angel, _d1968- _937463 |
|
| 245 | 1 | 3 |
_aEl sueño de la igualdad de oportunidades / _cAngel Puyol. |
| 260 |
_aBarcelona, Esp. : _bGedisa, _c2010. |
||
| 300 | _a221 p. | ||
| 440 | 0 | _aClaves contemporáneas | |
| 650 | 2 |
_aIgualdad _91585 |
|
| 650 | 4 |
_aDiscriminación _921028 |
|
| 905 | _aLibro | ||
| 999 |
_c176170 _d176170 |
||